Street Fighter Characters - Statistics

General Stats
  • This quiz has been taken 738 times
    358 since last reset
  • The average score is 128 of 193
Answer Stats
Street Fighter I % Correct
Ken
100%
Ryu
100%
Chun-Li
96%
G
96%
M. Bison
92%
Cammy
91%
Vega
90%
Zangief
89%
Blanka
88%
Dhalsim
88%
Guile
88%
Balrog
87%
E. Honda
87%
Akuma
86%
Sagat
86%
Dee Jay
76%
Juri
70%
T. Hawk
69%
Dan
64%
Fei Long
63%
Sakura
63%
Evil Ryu
60%
Alex
58%
C. Viper
58%
Luke
57%
Poison
57%
A.K.I.
56%
Elena
56%
Cody
55%
Hugo
55%
Seth
55%
Ed
54%
Ibuki
53%
Q
53%
Dudley
52%
Guy
52%
Yun
52%
Yang
51%
C. Viper
50%
Gill
50%
Makoto
50%
Oro
50%
Rose
50%
Sean
50%
Urien
50%
Mai
49%
Birdie
48%
F.A.N.G
48%
Karin
48%
Terry
48%
Twelve
48%
El Fuerte
47%
Gen
47%
Rashid
47%
Abel
46%
R. Mika
46%
Nash
45%
Adon
44%
Gouken
44%
Laura
44%
Rufus
44%
Jamie
43%
Kimberly
43%
Manon
43%
Marisa
43%
JP
42%
Hakan
41%
Abigail
40%
Lily
40%
Remy
40%
Oni
39%
Decapre
38%
Necro
38%
Rolento
37%
Akira
36%
Eleven
36%
Ingrid
36%
Juli
36%
Necalli
36%
Juni
35%
Sodom
33%
Kage
32%
Kolin
32%
Falke
31%
Menat
31%
Zeku
30%
Lucia
25%
Shin Akuma
24%
No matching quizzes found
Score Distribution
Percent of People with Each Score
Percentile by Number Answered
Your Score History
You have not taken this quiz since the last reset